Największe ulice Łodzi w 1939 roku. - Statystyki

Ogólne statystyki
  • Ten quiz został rozwiązany 27 razy
  • Średni wynik to 5 z 10
Statystyki odpowiedzi
l. p. Nazwa ulicy (alfabetycznie) % Poprawnych
7. Piotrkowska
100%
10. Zgierska
65%
9. Rzgowska
52%
6. Pabianicka
48%
2. Kilińskiego
43%
3. Limanowskiego
43%
1. Brzezińska
39%
5. Nowomiejska
35%
8. Rokicińska
30%
4. Łagiewnicka
26%
Nie znaleziono quizów pasujących do podanych kryteriów
Rozkład punktacji
Procent ludzi z każdym wynikiem
Percentyl według liczby udzielonych odpowiedzi
Twoja historia wyników
Nie rozwiązałeś tego quizu